<?xml version="1.0" encoding="UTF-8"?>
<record
    xmlns:xsi="http://www.w3.org/2001/XMLSchema-instance"
    xsi:schemaLocation="http://www.loc.gov/MARC21/slim http://www.loc.gov/standards/marcxml/schema/MARC21slim.xsd"
    xmlns="http://www.loc.gov/MARC21/slim">

  <leader>06262cam a2200709 i 4500</leader>
  <controlfield tag="001">20705253</controlfield>
  <controlfield tag="005">20250513085556.0</controlfield>
  <controlfield tag="008">181015m20189999caua     6    000 1 eng  </controlfield>
  <datafield tag="010" ind1=" " ind2=" ">
    <subfield code="a">  2018045865</subfield>
  </datafield>
  <datafield tag="020" ind1=" " ind2=" ">
    <subfield code="a">9781401289218</subfield>
  </datafield>
  <datafield tag="040" ind1=" " ind2=" ">
    <subfield code="a">DLC</subfield>
    <subfield code="b">eng</subfield>
    <subfield code="c">DLC</subfield>
    <subfield code="e">rda</subfield>
  </datafield>
  <datafield tag="041" ind1=" " ind2=" ">
    <subfield code="a">eng</subfield>
  </datafield>
  <datafield tag="042" ind1=" " ind2=" ">
    <subfield code="a">pcc</subfield>
  </datafield>
  <datafield tag="050" ind1="0" ind2="0">
    <subfield code="a">PN6728.C699</subfield>
    <subfield code="b">C75 2018</subfield>
  </datafield>
  <datafield tag="245" ind1="0" ind2="0">
    <subfield code="a">Crisis on infinite earths</subfield>
    <subfield code="b">: companion</subfield>
    <subfield code="c">/ Marv Wolfman, Roy Thomas, Gerry Conway, Steve Englehart, Doug Moench, Paul Kupperberg, Alan Moore, Robert Loren Fleming, Todd Klein, Gary Cohn, Dan Mishkin, Mindy Newell, writers ; Curt Swan, Arvell Jones, Gerry Acerno, Gene Colan, Stephen Bissette, Ernie Col&#xF3;n, Shawn McManus, pencilers ; Al Dellinges, Tim Burgard, artists ; Karl Kesel, Bill Collins, Mark Farmer, inkers ; Tatjana Wood, Carl Gafford, Michele Wolfman, colourists ; Agustin Mas, Bob Lappan, letterer.</subfield>
  </datafield>
  <datafield tag="250" ind1=" " ind2=" ">
    <subfield code="a">Deluxe edition ;</subfield>
    <subfield code="b">vol. 2</subfield>
  </datafield>
  <datafield tag="264" ind1=" " ind2="1">
    <subfield code="a">Burbank, CA :</subfield>
    <subfield code="b">DC Comics,</subfield>
    <subfield code="c">2018</subfield>
  </datafield>
  <datafield tag="300" ind1=" " ind2=" ">
    <subfield code="a">volumes :</subfield>
    <subfield code="b">chiefly color illustrations ;</subfield>
    <subfield code="c">29 cm.</subfield>
  </datafield>
  <datafield tag="490" ind1=" " ind2=" ">
    <subfield code="a">Crisis on infinite earths ;</subfield>
    <subfield code="v">vol. 2.</subfield>
  </datafield>
  <datafield tag="500" ind1=" " ind2=" ">
    <subfield code="a">v. 1: Marv Wolfman, Roy Thomas, Gerry Conway, Steve Englehart, Curt Swan, Arvell Jones, Al Dellinges, Jerry Acerno, Tim Burgard [and others]</subfield>
  </datafield>
  <datafield tag="500" ind1=" " ind2=" ">
    <subfield code="a">v. 2: Doug Moench, Gene Colan, Paul Kupperberg, Alan Moore, Stephen R. Bissette, Marv Wolfman, Roy Thomas, Gerry Conway [and others]</subfield>
  </datafield>
  <datafield tag="500" ind1=" " ind2=" ">
    <subfield code="a">v. 3: writers, Robert Loren Fleming, Todd Klein, Gary Cohn, Dan Mishkin, Mindy Newell, Alan Moore [and others] ; pencillers, Ernie Col&#xF3;n, Shawn McManus, Alan Kupperberg, [and others] ; inkers, Karl Kesel, Shawn McManus, Bill Collins, Mark Farmer [and others] ; colorists, Tatjana Wood, Carl Gafford, Michele Wolfman [and others] ; letterers, Agustin Mas, Todd Klein, Bob Lappan [and others].</subfield>
  </datafield>
  <datafield tag="500" ind1=" " ind2=" ">
    <subfield code="a">"Firehawk created by Gerry Conway - Firestorm created by Gerry Conway and Al Milgrom - Harbinger created by Marv Wolfman and George P&#xE9;rez - The Spectre created by Jerry Siegel and Bernard Baily - Superman created by Jerry Siegel and Joe Shuster, by special arrangement with the Jerry Siegel family - Tomahawk created by Joe Samachson - Swamp Thing created by Len Wein and Bernie Wrightson - Infinity Inc. created by Roy Thomas, Mike Machlan and Todd McFarlane - The New Teen Titans created by Marv Wolfman and George P&#xE9;rez"</subfield>
  </datafield>
  <datafield tag="500" ind1=" " ind2=" ">
    <subfield code="a">v. 1: "Originally published in single magazine form in DC COMICS PRESENTS 78, ALL-STAR SQUADRON 50-60, THE FURY OF FIRESTORM 41-42, GREEN LANTERN 194-198."--Title page verso.</subfield>
  </datafield>
  <datafield tag="500" ind1=" " ind2=" ">
    <subfield code="a">v. 2: "Originally published in single magazine form in DETECTIVE COMICS 558, DC COMICS PRESENTS 86, SWAMP THING 44, THE LOSERS SPECIAL 1, INFINITY INC. 18-25, INFINITY INC. ANNUAL 1, JUSTICE LEAGUE OF AMERICA 244, 245, THE NEW TEEN TITANS (VOLUME 2) 13, 14, LEGENDS OF THE DC UNIVERSE: CRISIS ON INFINITE EARTHS 1."--Title page verso.</subfield>
  </datafield>
  <datafield tag="500" ind1=" " ind2=" ">
    <subfield code="a">v. 3: "Originally published in single magazine form in Amethyst 13, The Omega Men 31, 33, Blue Devil 17, 18, Wonder Woman 327-329, Swamp Thing 46, Legion of Super-Heroes 16, 18, Superman 413-415, DC Comics Presents 87, 88, 94, 95, Justice League of America Annual 3, Superman and Batman: World's Funniest 1."--Title page verso.</subfield>
  </datafield>
  <datafield tag="520" ind1=" " ind2=" ">
    <subfield code="a">All the tie-in stories to Marv Wolfman and George P&#xE9;rez's CRISIS ON INFINITE EARTHS are finally collected in this massive deluxe compendium, CRISIS ON INFINITE EARTHS COMPANION DELUXE EDITION VOL. 1! In 1985, DC Comics dramatically altered comics' original universe with CRISIS ON INFINITE EARTHS, a 12-issue series that rocked the comics community. This landmark graphic novel is one of the most nuanced, sweeping sagas ever told. Now, all the tie-in stories are finally collected in this massive deluxe compendium CRISIS ON INFINITE EARTHS COMPANION DELUXE EDITION VOL. 1! This hardcover edition features all the action that spilled over into numerous comic books from Marv Wolfman and George Perez's unbelievable graphic novel, including tales with the Justice League, Wonder Woman, Green Lantern and the New Teen Titans, as well as cult classic characters like the Omega Men and Firestorm! CRISIS ON INFINITE EARTHS COMPANION DELUXE EDITION VOL. 1 is a must-have for all collectors and fans of the original CRISIS ON INFINITE EARTHS series, as well as any completists who have yet to see many of these stories recollected in print! This graphic novel includes JUSTICE LEAGUE OF AMERICA #244, JUSTICE LEAGUE OF AMERICA ANNUAL #3, GREEN LANTERN #194, WONDER WOMAN #327-328, LOSERS SPECIAL #1, INFINITY INC. 318-20, DC COMICS PRESENTS #87-88, OMEGA MEN #31, BLUE DEVIL #17-18, NEW TEEN TITANS #13-14, ALL-STAR SQUADRON #50-51 and FURY OF FIRESTORM #87.</subfield>
  </datafield>
  <datafield tag="655" ind1=" " ind2="0">
    <subfield code="a">Superhero comics</subfield>
    <subfield code="9">23021</subfield>
  </datafield>
  <datafield tag="655" ind1=" " ind2="0">
    <subfield code="a">Science fiction comic books, strips, etc.</subfield>
    <subfield code="9">24499</subfield>
  </datafield>
  <datafield tag="655" ind1=" " ind2="0">
    <subfield code="a">Comics (Graphic works)</subfield>
    <subfield code="9">23020</subfield>
  </datafield>
  <datafield tag="655" ind1=" " ind2="0">
    <subfield code="a">Graphic novels</subfield>
    <subfield code="9">23022</subfield>
  </datafield>
  <datafield tag="700" ind1=" " ind2=" ">
    <subfield code="a">Wolfman, Marv</subfield>
    <subfield code="e">writer</subfield>
    <subfield code="9">14235</subfield>
  </datafield>
  <datafield tag="700" ind1=" " ind2=" ">
    <subfield code="a">Thomas, Roy</subfield>
    <subfield code="d">1940-</subfield>
    <subfield code="e">writer</subfield>
    <subfield code="9">14236</subfield>
  </datafield>
  <datafield tag="700" ind1=" " ind2=" ">
    <subfield code="a">Conway, Gerry</subfield>
    <subfield code="e">writer</subfield>
    <subfield code="9">14234</subfield>
  </datafield>
  <datafield tag="700" ind1=" " ind2=" ">
    <subfield code="a">Englehart, Steve</subfield>
    <subfield code="e">writer</subfield>
    <subfield code="9">25183</subfield>
  </datafield>
  <datafield tag="700" ind1=" " ind2=" ">
    <subfield code="a">Swan, Curt</subfield>
    <subfield code="e">penciller</subfield>
    <subfield code="9">24789</subfield>
  </datafield>
  <datafield tag="700" ind1=" " ind2=" ">
    <subfield code="a">Jones, Arvell</subfield>
    <subfield code="e">penciller</subfield>
    <subfield code="9">25184</subfield>
  </datafield>
  <datafield tag="700" ind1=" " ind2=" ">
    <subfield code="a">Dellinges, Al</subfield>
    <subfield code="e">artist</subfield>
    <subfield code="9">25185</subfield>
  </datafield>
  <datafield tag="700" ind1=" " ind2=" ">
    <subfield code="a">Acerno, Gerry</subfield>
    <subfield code="e">penciller</subfield>
    <subfield code="9">25186</subfield>
  </datafield>
  <datafield tag="700" ind1=" " ind2=" ">
    <subfield code="a">Burgard, Tim</subfield>
    <subfield code="e">artist</subfield>
    <subfield code="9">25187</subfield>
  </datafield>
  <datafield tag="700" ind1=" " ind2=" ">
    <subfield code="a">Moench, Doug</subfield>
    <subfield code="d">1948-</subfield>
    <subfield code="e">writer</subfield>
    <subfield code="9">25188</subfield>
  </datafield>
  <datafield tag="700" ind1=" " ind2=" ">
    <subfield code="a">Colan, Gene</subfield>
    <subfield code="e">penciller</subfield>
    <subfield code="9">25189</subfield>
  </datafield>
  <datafield tag="700" ind1=" " ind2=" ">
    <subfield code="a">Kupperberg, Paul</subfield>
    <subfield code="e">writer</subfield>
    <subfield code="9">25190</subfield>
  </datafield>
  <datafield tag="700" ind1=" " ind2=" ">
    <subfield code="a">Moore, Alan</subfield>
    <subfield code="d">1953-</subfield>
    <subfield code="e">writer</subfield>
    <subfield code="9">14398</subfield>
  </datafield>
  <datafield tag="700" ind1=" " ind2=" ">
    <subfield code="a">Bissette, Stephen</subfield>
    <subfield code="e">penciller</subfield>
    <subfield code="9">25191</subfield>
  </datafield>
  <datafield tag="700" ind1=" " ind2=" ">
    <subfield code="a">Fleming, Robert Loren</subfield>
    <subfield code="e">writer</subfield>
    <subfield code="9">25192</subfield>
  </datafield>
  <datafield tag="700" ind1=" " ind2=" ">
    <subfield code="a">Klein, Todd</subfield>
    <subfield code="e">writer</subfield>
    <subfield code="e">letterer</subfield>
    <subfield code="9">14231</subfield>
  </datafield>
  <datafield tag="700" ind1=" " ind2=" ">
    <subfield code="a">Cohn, Gary</subfield>
    <subfield code="e">writer</subfield>
    <subfield code="9">25193</subfield>
  </datafield>
  <datafield tag="700" ind1=" " ind2=" ">
    <subfield code="a">Mishkin, Daniel</subfield>
    <subfield code="e">writer</subfield>
    <subfield code="9">25194</subfield>
  </datafield>
  <datafield tag="700" ind1=" " ind2=" ">
    <subfield code="a">Newell, Mindy</subfield>
    <subfield code="e">writer.</subfield>
    <subfield code="9">25195</subfield>
  </datafield>
  <datafield tag="700" ind1=" " ind2=" ">
    <subfield code="a">Col&#xF3;n, Ernie</subfield>
    <subfield code="e">penciller</subfield>
    <subfield code="9">25196</subfield>
  </datafield>
  <datafield tag="700" ind1=" " ind2=" ">
    <subfield code="a">McManus, Shawn</subfield>
    <subfield code="e">penciller</subfield>
    <subfield code="e">inker</subfield>
    <subfield code="9">25197</subfield>
  </datafield>
  <datafield tag="700" ind1=" " ind2=" ">
    <subfield code="a">Kesel, Karl</subfield>
    <subfield code="e">inker</subfield>
    <subfield code="9">24462</subfield>
  </datafield>
  <datafield tag="700" ind1=" " ind2=" ">
    <subfield code="a">Collins, Bill</subfield>
    <subfield code="e">inker</subfield>
    <subfield code="9">25198</subfield>
  </datafield>
  <datafield tag="700" ind1=" " ind2=" ">
    <subfield code="a">Farmer, Mark</subfield>
    <subfield code="e">inker</subfield>
    <subfield code="9">24801</subfield>
  </datafield>
  <datafield tag="700" ind1=" " ind2=" ">
    <subfield code="a">Wood, Tatjana</subfield>
    <subfield code="e">colourist</subfield>
    <subfield code="9">25199</subfield>
  </datafield>
  <datafield tag="700" ind1=" " ind2=" ">
    <subfield code="a">Gafford, Carl</subfield>
    <subfield code="e">colourist</subfield>
    <subfield code="9">25201</subfield>
  </datafield>
  <datafield tag="700" ind1=" " ind2=" ">
    <subfield code="a">Wolfman, Michele</subfield>
    <subfield code="e">colourist</subfield>
    <subfield code="9">25202</subfield>
  </datafield>
  <datafield tag="700" ind1=" " ind2=" ">
    <subfield code="a">Mas, Agustin</subfield>
    <subfield code="e">letterer</subfield>
    <subfield code="9">25203</subfield>
  </datafield>
  <datafield tag="700" ind1=" " ind2=" ">
    <subfield code="a">Lappan, Bob</subfield>
    <subfield code="e">letterer</subfield>
    <subfield code="9">25204</subfield>
  </datafield>
  <datafield tag="942" ind1=" " ind2=" ">
    <subfield code="2">lcc</subfield>
  </datafield>
  <datafield tag="952" ind1=" " ind2=" ">
    <subfield code="0">0</subfield>
    <subfield code="1">0</subfield>
    <subfield code="2">lcc</subfield>
    <subfield code="4">0</subfield>
    <subfield code="7">0</subfield>
    <subfield code="a">TBS</subfield>
    <subfield code="b">TBS</subfield>
    <subfield code="d">2023-03-21</subfield>
    <subfield code="l">0</subfield>
    <subfield code="o">COM-EN WOL</subfield>
    <subfield code="p">B04402</subfield>
    <subfield code="r">2023-03-21</subfield>
    <subfield code="w">2023-03-21</subfield>
    <subfield code="y">COMIC</subfield>
  </datafield>
  <datafield tag="999" ind1=" " ind2=" ">
    <subfield code="c">3449</subfield>
    <subfield code="d">3449</subfield>
  </datafield>
</record>
